00945nam a2200241 a 450000100060000000300080000600500170001400800410003103500550007204000350012704100080016208200210017011100660019124501600025726000320041730000340044950400410048365000220052465000470054670000170059371000630061074000300067317562BD-RjUL20211209000148.0500101s1966 enka b 100 0 eng d aCURL 040000071208(Lee) from hmec66a(BD-RjUL)17620 aBD-RjULbengcBD-RjULdBD-RjUL aeng a541.2bMAT 19662 aMaterials Technology Symposiumd(1964 :cBillingham, England)10aMaterials technology in steam reforming processes :bproceedings of the materials technology symposium held on October 21-22, 1964 /cedited by C. Edeleanu aOxford :bPergamon,c[1966] aviii, 387 p :billus ;c24 cm aIncludes bibliographical references. 0aGasesxCongresses 0aMaterials at high temperaturesxCongresses1 aEdeleanu, C.2 aImperial Chemical Industries, ltd.bAgricultural Division.0 aSteam reforming processes